000 00507nam a2200193Ia 4500
003 GCL
005 20240530110924.0
008 140319s1993 xxkaf f 000 0 eng d
020 _a0500092133
040 _aGCL /
_cGCL
082 0 4 _a759/
_bH T
100 1 _aHockney, David
245 1 0 _aThat's the Way I See it /
_cDavid Hockney
260 _aLondon :
_bThames and Hudson،
_c1993.
300 _a248 p. :
_bill ;
_c30 cm.
650 0 4 _aPainting
650 0 4 _a MODERN PAINTING HISTORY
942 _2ddc
_cBK
999 _c66530
_d66530